| 000 | 00489nam a2200181Ia 4500 | ||
|---|---|---|---|
| 008 | 151018s9999 xx 000 0 und d | ||
| 082 |
_bRBASDV44084 _a891.463 |
||
| 100 | _aदशरथ पाटील | ||
| 245 | _aफुलवा | ||
| 250 | _b1 | ||
| 260 |
_bश्रीकल्प _c2007 |
||
| 300 | _a249 | ||
| 600 | _aदशरथ पाटील | ||
| 630 | _aफुलवा | ||
| 700 | _aदशरथ पाटील | ||
| 730 | _aफुलवा | ||
| 942 | _cBOOK | ||
| 999 |
_c1043284 _d1043281 |
||